| 000 | 00900nam a2200301 a 4500 | ||
|---|---|---|---|
| 999 |
_c2910 _d2910 |
||
| 001 | 015529806 | ||
| 003 | UkOxU | ||
| 005 | 20230911160305.0 | ||
| 008 | 040126s2003 enka 000 0beng d | ||
| 015 | _aGB A3-X8175 | ||
| 020 | _a0224064401 | ||
| 020 | _a9780224064408 | ||
| 035 | _aBNB2777.476 | ||
| 035 | _a(UkOxU)UkOxUw12093816 | ||
| 035 | _a(OCoLC)56442822 | ||
| 040 |
_aBDS _cKH8 |
||
| 041 | 1 |
_aeng _hfre |
|
| 082 | 0 |
_a955.054 SAT _221 |
|
| 100 | 1 |
_aSatrapi, Marjane, _d1969- _eauthor. |
|
| 240 | 1 | 0 |
_aPersepolis. _lEnglish |
| 245 | 1 | 0 |
_aPersepolis : _bThe Story of an Iranian Childhood / _cMarjane Satrapi. |
| 260 |
_aLondon : _bJonathan Cape, _c2003. |
||
| 300 |
_a153 p. : _bill. ; _c24 cm. |
||
| 500 | _aTranslated from the French. | ||
| 600 | 1 | 0 |
_aSatrapi, Marjane, _d1969- _xChildhood and youth. |
| 651 | 0 |
_aIran _xHistory _y1979-1997 _vComic books, strips, etc. |
|
| 942 |
_2ddc _cTR |
||